| 000 | 01496nam a2200229Ia 4500 | ||
|---|---|---|---|
| 003 | OSt | ||
| 005 | 20210714102900.0 | ||
| 008 | 210310s1974 ck gr 000 0 spa d | ||
| 040 |
_aCO-JMCR _cCO-JMCR |
||
| 041 | _aspa | ||
| 082 | 0 | 4 |
_a332.0415 / _bC976a _223 |
| 100 | 1 |
_aCurrie, Lauchlin _eautor _94251 |
|
| 245 | 1 | 0 |
_aAhorro, corrección monetaria y construcción / _cLauchlin Currie |
| 260 |
_a[Bogotá] : _bUniversidad de los Andes, _c1974. |
||
| 300 |
_a133 páginas ; _c24 cm. |
||
| 501 | _aCon: notas a pie de página. | ||
| 505 | _aPor qué corrección monetaria. -- El ahorro y la estrategia de los sectores impulsadores. -- El campo de acción del sistema de ahorro y préstamo en el valor constante. -- El ahorro, la construcción y el ingreso. -- La primera estrategia - Problemas presentes y problemas futuros. -- Los ahorros y el mercado de capitales. -- l financiamiento del crecimiento en los países desarrollados. -- Magnitudes y prioridades del plan de desarrollo. -- El ahorro, el dinero y los precios. -- Cuellos de botella en los materiales de construcción. -- Problemas relacionados con las altas tasas de crecimiento. -- El sistema de ahorro y vivienda y la cuarta estrategia. -- Los impuestos y la corrección monetaria. -- Una nota sobre el significado de un índice de salarios. -- Mirando hacia el futuro. | ||
| 650 | 1 | 4 |
_aLa política monetaria _926791 |
| 650 | 2 | 4 |
_aAhorro e inversión _938440 |
| 650 | 2 | 4 |
_aIndustria de construcción _938441 |
| 942 |
_2ddc _cBK |
||
| 999 |
_c11914 _d11914 |
||